Riadenie technologických procesov (poruchy, odstávky) pomocou systému OMS

Saved in:
Bibliographic Details
Main Author: Valo, Andrej (Author)
Other Authors: Hantuch, Igor, 1948- (Thesis advisor)
Format: Manuscript Book
Language:Slovak
Published: Bratislava : STU v Bratislave FEI, 2009
Subjects:
Tags: Add Tag
No Tags, Be the first to tag this record!

MARC

LEADER 00000ntm a22000003a 4500
001 stu190865
005 20160719165127.4
008 090928s2009------------------------slo-d
040 |a STU  |b slo 
041 0 |a slo 
100 1 |a Valo, Andrej  |4 aut 
245 1 |a Riadenie technologických procesov (poruchy, odstávky) pomocou systému OMS 
260 |a Bratislava :  |b STU v Bratislave FEI,  |c 2009 
300 |a 63 s 
650 7 |a priemyselná informatika  |2 stusub 
650 7 |a kybernetika  |2 stusub 
650 7 |a riadenie procesov  |2 stusub 
700 1 |a Hantuch, Igor,  |d 1948-  |4 ths  |u E1110  |U FEI Ústav robotiky a kybernetiky  |T FEI Automatizácia a regulácia  |X 4943  |U E1110  |Y 57  |7 A000004943